The flower-powered : garden
| Main Author: | |
|---|---|
| Format: | Book |
| Published: |
Portland, Oregon :
Timber Press ,
2018
|
| Subjects: |
MARC
| LEADER | 00000cam a2200000 7i4500 | ||
|---|---|---|---|
| 001 | 0000227624 | ||
| 005 | 20190221.0 | ||
| 020 | |a 9781604696660 | ||
| 090 | 0 | 0 | |a 635.9 |b VER |
| 100 | 1 | |a Vernon, Andy | |
| 245 | 1 | 4 | |a The flower-powered : |b garden |c Andy Vernon |
| 260 | |a Portland, Oregon : |b Timber Press , |c 2018 | ||
| 300 | |a 295p. : |b col.,photos ; |c 27cm. | ||
| 650 | 0 | |a Flower | |
| 650 | 0 | |a Flower gardening | |
| 999 | |a 00364348 |b BUKU |c PINJAMAN |e PERPUSTAKAAN KOMUNITI PETALING JAYA | ||